000 01024nac a22002411u 4500
008 100922t xxu||||| |||| 00| 0 eng d
010 _a 97199204
020 _a0132341883
020 _a0132341700
035 _a(OCoLC)36454918
082 _a658.302
_bALB
100 _aAlbright, Mary.
_919721
245 1 0 _a101 Biggest Mistakes Managers Make and How to Avoid Them /
_cMary Albright, Clay Carr
246 3 _aOne hundred one biggest mistakes managers make and how to avoid them
246 3 _aOne hundred and one biggest mistakes managers make and how to avoid them
260 _aEnglewood Cliffs, N.J. :
_bPrentice Hall,
_cc1997.
300 _axii, 324 p. ;
_c24 cm.
500 _aIncludes index.
650 0 _aSupervision of employees.
_919722
700 1 _aCarr, Clay,
_d1934-
_919723
942 _cBB
_k658.302 ALB
_2ddc
999 _c2500
_d2500